000 00329nam a2200133Ia 4500
005 20260328104258.0
008 260328s9999||||xx |||||||||||||| ||und||
100 _aAlves Costa, Alexandre
245 0 _aSó Nós E Santa Tecla /
_cAlexandre Alves Costa
260 _bDafne
300 _a173 p.
650 _aHISTORIA
942 _cBK
999 _c10512
_d10512